Central Library OPAC University of Rajshahi

On Hegel's critique of Kant / (Record no. 31589)

MARC details
000 -LEADER
fixed length control field 00901cam a2200289u 4500
001 - CONTROL NUMBER
control field 31589
003 - CONTROL NUMBER IDENTIFIER
rucl marc code BD-RjUL
005 - DATE AND TIME OF LATEST TRANSACTION
control field 20211209051725.0
008 - FIXED-LENGTH DATA ELEMENTS--GENERAL INFORMATION
fixed length control field 140420s1966 nyu b 000 0beng
035 ## - SYSTEM CONTROL NUMBER
System control number (BD-RjUL)31677
040 ## - CATALOGING SOURCE
Original cataloging agency DLC
Transcribing agency CarP
Modifying agency DLC
-- BD-RjUL
Language of cataloging eng
041 ## - LANGUAGE CODE
Language code of text/sound track or separate title eng
082 ## - DEWEY DECIMAL CLASSIFICATION NUMBER
Classification number 193
Author mark and year MAO 1966
100 1# - MAIN ENTRY--PERSONAL NAME
Personal name Maier, Joseph,
Dates associated with a name 1911- [from old catalog]
9 (RLIN) 96136
245 10 - TITLE STATEMENT
Title On Hegel's critique of Kant /
Statement of responsibility, etc. by Josef Maier.
260 ## - PUBLICATION, DISTRIBUTION, ETC. (IMPRINT)
Place of publication, distribution, etc. New York :
Name of publisher, distributor, etc. AMS press,
Date of publication, distribution, etc. 1966.
300 ## - PHYSICAL DESCRIPTION
Pagination viii p., 1 l.,108 p. ;
Size 22 cm.
500 ## - GENERAL NOTE
General note Vita.
General note Published also without thesis note.
502 ## - DISSERTATION NOTE
Dissertation note Thesis (Ph.D.)--Columbia University, 1939.
504 ## - BIBLIOGRAPHY, ETC. NOTE
Bibliography, etc Bibliography: p. [99]-101.
600 10 - SUBJECT ADDED ENTRY--PERSONAL NAME
Personal name Hegel, Georg Wilhelm Friedrich,
Dates associated with a name 1770-1831.
Personal name Kant, Immanuel,
Dates associated with a name 1724-1804.
942 ## - ADDED ENTRY ELEMENTS (KOHA)
Source of classification or shelving scheme Dewey Decimal Classification
Koha item type Books
Holdings
Lost status Source of classification or shelving scheme Damaged status Not for loan Permanent Location Current Location Shelving location Date acquired Source of acquisition Cost, normal purchase price Total Checkouts Full call number Date last seen Copy number Koha item type
  Dewey Decimal Classification   Not For Loan Central Library, University of Rajshahi Central Library, University of Rajshahi Reading Room 03/02/1971 Zeitlinger 0.00   193 MAO 1966 20/04/2014 C-1 Books